Saptuam tangthu : (Record no. 10287)

MARC details
000 -LEADER
fixed length control field 00389nam a22001457a 4500
003 - CONTROL NUMBER IDENTIFIER
control field GBCCL
005 - DATE AND TIME OF LATEST TRANSACTION
control field 20241126110729.0
008 - FIXED-LENGTH DATA ELEMENTS--GENERAL INFORMATION
fixed length control field 240513b ||||| |||| 00| 0 eng d
040 ## - CATALOGING SOURCE
Transcribing agency gbc
082 ## - DEWEY DECIMAL CLASSIFICATION NUMBER
Classification number SOU HAN
Item number 2023
245 ## - TITLE STATEMENT
Title Saptuam tangthu :
Remainder of title Hanship gospel centenary souvenir 1923-2023, EBCC
260 ## - PUBLICATION, DISTRIBUTION, ETC.
Place of publication, distribution, etc. Hanship :
Name of publisher, distributor, etc. EBCC Hanship,
Date of publication, distribution, etc. 2023
300 ## - PHYSICAL DESCRIPTION
Extent 792 p
942 ## - ADDED ENTRY ELEMENTS (KOHA)
Source of classification or shelving scheme Dewey Decimal Classification
Koha item type Archives
Holdings
Withdrawn status Lost status Source of classification or shelving scheme Damaged status Not for loan Home library Current Library Shelving location Date acquired Total checkouts Full call number Barcode Date last seen Copy number Price effective from Koha item type
    Dewey Decimal Classification     GRACE BIBLE COLLEGE GRACE BIBLE COLLEGE Archives 2024-05-13   SOU HAN 2023 250280 2025-05-01 c.1 2024-05-13 Archives
    Dewey Decimal Classification     GRACE BIBLE COLLEGE GRACE BIBLE COLLEGE Archives 2024-05-13   SOU HAN 2023 250281 2025-05-01 c.2 2024-05-13 Archives
    Dewey Decimal Classification     GRACE BIBLE COLLEGE GRACE BIBLE COLLEGE Archives 2024-05-13   SOU HAN 2023 250282 2025-05-01 c.3 2024-05-13 Archives
    Dewey Decimal Classification     GRACE BIBLE COLLEGE GRACE BIBLE COLLEGE Archives 2024-05-13   SOU HAN 2023 250283 2025-05-01 c.4 2024-05-13 Archives
    Dewey Decimal Classification     GRACE BIBLE COLLEGE GRACE BIBLE COLLEGE Archives 2024-05-13   SOU HAN 2023 250284 2025-05-01 c.5 2024-05-13 Archives
© Grace Bible College Library 2025